000 00953nam a22002537a 4500
999 _c33278
_d33278
001 2406
003 CO-MdFUSB
005 20171004090628.0
008 171004t1986 enk||||| |||| 00| 0 eng d
020 _a0-85151-473-1
040 _aCO-MdFUSB
_bspa
_cCO-MdFUSB
_dCO-MdFUSBC
_erda
041 0 _aeng
082 0 4 _aG 224.6 C168c
100 1 _aCalvino, Juan (1509-1564)
_eautor
245 0 _aCommentaries on the twelve Minor Prophets
_c/ John Calvin
264 4 _aMurrayfield Road, Edinburgh :
_b The Banner of Truth Trust,
_c©1986
336 _2rdacontent
_atexto
_btxt
337 _2rdamedia
_asin mediación
_bn
338 _2rdacarrier
_avolumen
_bnc
505 0 0 _aVol. I : Hosea. 530 Pag. Vol. II : Joel, Amos, Abadiah. 513 Pag. Vol III : Jonah, Micah, Nahum. 534 Pag. Vol IV : Habakkuk, Zephaniah, Haggai. 411 Pag. Vol. V : Zechariah, Malachi. 712 Pag.
650 7 _aVocación
_9312
653 _aBiblia A.T. - Profetas - Comentarios
942 _cBK